| Tag |
First Indicator |
Second Indicator |
Subfields |
| LEADER |
00000cam a2200000 4500 |
| 001 |
in00000986949 |
| 005 |
20150927160227.0 |
| 008 |
851025s1967 paua 00010 eng d |
| 035 |
|
|
|a (OCoLC)13690802
|
| 035 |
|
|
|9 AEY4295AM
|
| 040 |
|
|
|a COF
|c COF
|d m.c.
|d TXA
|d UtOrBLW
|
| 049 |
1 |
|
|a TXA2
|
| 090 |
|
|
|a TC424.P4
|b I53 no. 53
|
| 100 |
1 |
|
|a Downing, R. H.
|q (Roger H.)
|
| 245 |
1 |
2 |
|a A system of computer programs for property title searches /
|c by Roger H. Downing and Wayne A Schutjer.
|
| 264 |
|
1 |
|a University Park, PA. :
|b Institute for Research on land and Water Resources, The Pennsylvania State University,
|c 1967.
|
| 300 |
|
|
|a 28l :
|b illustrations ;
|c 28 cm.
|
| 336 |
|
|
|a text
|b txt
|2 rdacontent
|
| 337 |
|
|
|a unmediated
|b n
|2 rdamedia
|
| 338 |
|
|
|a volume
|b nc
|2 rdacarrier
|
| 490 |
1 |
|
|a Information report ;
|v no. 53
|
| 500 |
|
|
|a "published in cooperation with the Department of Agricultural Economics and Rural Sociology."
|
| 650 |
|
0 |
|a Rural property surveys.
|
| 650 |
|
0 |
|a Real estate business
|x Data processing.
|
| 650 |
|
0 |
|a Title examinations
|z Pennsylvania
|z York County
|x Computer programs.
|
| 700 |
1 |
|
|a Schutjer, Wayne A.
|
| 740 |
0 |
|
|a Computer programs for property searches.
|
| 710 |
2 |
|
|a Pennsylvania State University.
|b Department of Agricultural Economics and Rural Sociology.
|
| 830 |
|
0 |
|a Information report (Pennsylvania State University. Institute for Research on Land and Water Resources) ;
|v no. 53.
|
| 999 |
|
|
|a MARS
|
| 999 |
f |
f |
|s da1f0f9f-dbb2-31b5-bc9f-1b086cc57b4f
|i 3948e2cc-86f2-3ef8-a248-ec231d9a28a8
|t 0
|
| 952 |
f |
f |
|p ric
|a Texas A&M University
|b Rellis Campus
|c Joint Library Facility
|d Remote Storage
|t 0
|e TC424.P4 I53 no.53
|h Library of Congress classification
|i unmediated -- volume
|m A14814321041
|
| 998 |
f |
f |
|a TC424.P4 I53 no.53
|t 0
|l Remote Storage
|